000 00853nam a2200289Ia 4500
001 Para_6299
003 CHAP
008 220125s1977 xx 000 0 und d
010 _a203650
040 _cCHAP
082 _aPA 595.7 I58
245 _aThe insects /
_c Selected and introduced by Thomas Eigner, Edward O. Wilson
260 _aSan Francisco, Cal. :
_b W. H. Freeman
300 _a334 p.
650 _aInsectos
_958888
650 _aInsectos
_x anatomía y fisología
_9164667
650 _aInsectos
_x evolución
_958920
650 _aInsectos
_x habitos y conducta
_958927
700 _aEisnes, Thomas / Wilson Edward Osborne
_9169525
901 _aPA 595.7 I58
902 _aA
905 _a0000001977 a 0000000000 00
910 _a1977
942 _cPARA
942 _cPARA
_d1
999 _c203650
_d203650